Statistics for Perth, Australia

Click here to take the quiz!

General Stats

  • This quiz has been taken 193 times
  • The average score is 9 of 15

Answer Stats

Hint Answer % Correct
What state is Perth the capital city ofWestern Australia
100%
Perth is situated on this riverSwan River
90%
Perth's AFL teamsWest Coast Eagles
87%
Fremantle Dockers
86%
Perth largest parkKings park
80%
Perth's cricket groundWACA
75%
Best place to get fish and chips in perthFremantle
67%
Name of Perth's/WA football leagueWAFL
61%
NBL teamPerth Wildcats
59%
Perth's AFL groundDomain stadium
54%
Cricket teamPerth Scorchers
54%
City of _____Lights
29%
Netball teamWest coast fever
29%
Tallest buildingCentral Park
16%
Referred to as the _____ capital in the worldSunniest
10%

Score Distribution

Percentile by Number Answered

Percent of People with Each Score

Your Score History

You have not taken this quiz